A Full and true account of the lamentable and dreadful fire that began in Cinnamon-Street in Wapping, on the nineteenth of this instant November, 1682

Bibliographic Details
Format: eBook
Language:English
Published: London : Printed by Langley Curtis, 1682.
Series:Early English books online.
Subjects:
Online Access:Connect to the full text of this electronic book

MARC

Tag First Indicator Second Indicator Subfields
LEADER 00000cam a2200000Ia 4500
001 in00004266312
005 20200817162103.0
006 m g d
007 cr bn |||a|bb|
008 850710s1682 enk o 00| | eng d
035 |a (OCoLC)12247631 
040 |a EAI  |c EAI  |d WaOLN 
037 |a CL0037000053  |b ProQuest Information and Learning. 300 N. Zeeb Rd., Ann Arbor, MI 48106 
043 |a e-uk-en 
045 |a u-u- 
049 |a EAIA 
090 |a DA685.W3  |b F84 
245 0 2 |a A Full and true account of the lamentable and dreadful fire that began in Cinnamon-Street in Wapping, on the nineteenth of this instant November, 1682 
260 |a London :  |b Printed by Langley Curtis,  |c 1682. 
300 |a 1 online resource (4 pages) 
336 |a text  |b txt  |2 rdacontent 
337 |a computer  |b c  |2 rdamedia 
338 |a online resource  |b cr  |2 rdacarrier 
500 |a Caption title. 
500 |a Imprint from colophon. 
500 |a Reproduction of original in the Bodleian Library. 
510 4 |a Wing  |c F2305. 
533 |a Electronic reproduction.  |b Ann Arbor, Mich. :  |c UMI,  |d 1999-  |f (Early English books online)  |n Digital version of: (Early English books, 1641-1700 ; 1504:22)  |7 s1999 miun s 
651 0 |a London (England)  |x History  |y 17th century. 
651 0 |a Wapping (London, England)  |x Fire, 1682. 
830 0 |a Early English books online. 
856 4 0 |u http://proxy.library.tamu.edu/login?url=https://search.proquest.com/docview/2248548048  |z Connect to the full text of this electronic book  |t 0 
999 f f |s 78d103db-4768-3c8a-9f87-fc427e3b25c0  |i 11dda75c-a8ab-3dd5-b4aa-d8a9912a0021  |t 0 
952 f f |a Texas A&M University  |b College Station  |c Electronic Resources  |d Available Online  |t 0  |e DA685.W3 F84  |h Library of Congress classification 
998 f f |a DA685.W3 F84  |t 0  |l Available Online